Energy policies of IEA countries Turkey 2001 review
Enregistré dans:
| Collectivité auteur: | |
|---|---|
| Format: | Livre |
| Langue: | anglais |
| Publié: |
Paris
OECD/IEA
2001
|
| Sujets: | |
| Tags: |
Pas de tags, Soyez le premier à ajouter un tag!
|
MARC
| LEADER | 00000nam a2200000 4500 | ||
|---|---|---|---|
| 001 | c131824 | ||
| 005 | 20221124103014.3 | ||
| 020 | |a 92-64-19660-9 | ||
| 041 | 0 | |a eng | |
| 044 | |a FR | ||
| 245 | 1 | 0 | |a Energy policies of IEA countries |b Turkey 2001 review |
| 264 | 1 | |a Paris |b OECD/IEA |c 2001 | |
| 300 | |a 131 s. | ||
| 610 | 2 | 0 | |a energia |
| 610 | 2 | 0 | |a energetika |
| 610 | 2 | 0 | |a trh |
| 610 | 2 | 0 | |a efektívnosť |
| 610 | 2 | 0 | |a elektrina |
| 610 | 2 | 0 | |a energia atómová |
| 610 | 2 | 0 | |a plyn zemný |
| 610 | 2 | 0 | |a ropa |
| 610 | 2 | 0 | |a uhlie |
| 610 | 2 | 0 | |a údaje štatistické |
| 610 | 2 | 0 | |a ukazovatele ekonomické |
| 610 | 2 | 0 | |a dopyt |
| 610 | 2 | 0 | |a spotreba |
| 610 | 2 | 0 | |a Turecko |
| 710 | 2 | |a OECD. International Energy Agency | |